Quantum State Transfer and Network Engineering

Faithful communication is a necessary precondition for large-scale quantum information processing and networking, irrespective of the physical platform. Thus, the problems of quantum-state transfer and quantum-network engineering have attracted enormous interest over the last years, and constitute o...

Full description

Bibliographic Details
Corporate Author: SpringerLink (Online service)
Other Authors: Nikolopoulos, Georgios M. (Editor), Jex, Igor (Editor)
Format: Electronic eBook
Language:English
Published: Berlin, Heidelberg : Springer Berlin Heidelberg : Imprint: Springer, 2014.
Series:Quantum Science and Technology
Subjects:
Online Access:Full Text via HEAL-Link
LEADER 03268nam a22005535i 4500
001 978-3-642-39937-4
003 DE-He213
005 20151204162858.0
007 cr nn 008mamaa
008 131004s2014 gw | s |||| 0|eng d
020 |a 9783642399374  |9 978-3-642-39937-4 
024 7 |a 10.1007/978-3-642-39937-4  |2 doi 
040 |d GrThAP 
050 4 |a QA76.889 
050 4 |a TK7874.887 
072 7 |a PHQ  |2 bicssc 
072 7 |a COM032000  |2 bisacsh 
082 0 4 |a 621.3  |2 23 
245 1 0 |a Quantum State Transfer and Network Engineering  |h [electronic resource] /  |c edited by Georgios M. Nikolopoulos, Igor Jex. 
264 1 |a Berlin, Heidelberg :  |b Springer Berlin Heidelberg :  |b Imprint: Springer,  |c 2014. 
300 |a X, 250 p. 80 illus., 68 illus. in color.  |b online resource. 
336 |a text  |b txt  |2 rdacontent 
337 |a computer  |b c  |2 rdamedia 
338 |a online resource  |b cr  |2 rdacarrier 
347 |a text file  |b PDF  |2 rda 
490 1 |a Quantum Science and Technology 
505 0 |a Spin Chains as Data Buses, Logic Buses and Entanglers -- Communication in Engineered Quantum Networks -- Dual- and Multi-rail Encoding -- Quantum State Transfer with Limited Resources -- Robustness of Spin-chain State-transfer Schemes -- Implementation of State Transfer Hamiltonians in Spin Chains with Magnetic Resonance Techniques -- State Transfer Hamiltonians in Photonic Lattices. 
520 |a Faithful communication is a necessary precondition for large-scale quantum information processing and networking, irrespective of the physical platform. Thus, the problems of quantum-state transfer and quantum-network engineering have attracted enormous interest over the last years, and constitute one of the most active areas of research in quantum information processing. The present volume introduces the reader to fundamental concepts and various aspects of this exciting research area, including links to other related areas and problems. The implementation of state-transfer schemes and the engineering of quantum networks are discussed in the framework of various quantum optical and condensed matter systems, emphasizing the interdisciplinary character of the research area. Each chapter is a review of theoretical or experimental achievements on a particular topic, written by leading scientists in the field. The volume aims at both newcomers as well as experienced researchers. 
650 0 |a Physics. 
650 0 |a Special purpose computers. 
650 0 |a Quantum computers. 
650 0 |a Quantum physics. 
650 0 |a Spintronics. 
650 0 |a Electrical engineering. 
650 1 4 |a Physics. 
650 2 4 |a Quantum Information Technology, Spintronics. 
650 2 4 |a Communications Engineering, Networks. 
650 2 4 |a Quantum Physics. 
650 2 4 |a Special Purpose and Application-Based Systems. 
650 2 4 |a Quantum Computing. 
700 1 |a Nikolopoulos, Georgios M.  |e editor. 
700 1 |a Jex, Igor.  |e editor. 
710 2 |a SpringerLink (Online service) 
773 0 |t Springer eBooks 
776 0 8 |i Printed edition:  |z 9783642399367 
830 0 |a Quantum Science and Technology 
856 4 0 |u http://dx.doi.org/10.1007/978-3-642-39937-4  |z Full Text via HEAL-Link 
912 |a ZDB-2-PHA 
950 |a Physics and Astronomy (Springer-11651)